| 000 | 00958cam a22002291 4500 | ||
|---|---|---|---|
| 001 | 2169642 | ||
| 005 | 19910401100807.6 | ||
| 008 | 731212s1966 nyu b 000 0 eng | ||
| 010 | _a 66025181 | ||
| 040 |
_aDLC _cDLC _dDLC |
||
| 050 | 0 | 0 |
_aJQ1825.S8 _bA67 |
| 082 | 0 | 0 |
_a320.9569 _222 _bJAB |
| 100 | 2 |
_aAbu Jaber, Kamel, _d1932- _910038 |
|
| 245 | 1 | 4 |
_aThe Arab Bath Socialist Party: _c Kamel S. Abu Jaber; Foreword by Philip K. Hitti _bHistory, Ideology, and Organization/ |
| 260 |
_aSyracuse, N.Y. : _bSyracuse University Press, _c1966 |
||
| 300 |
_axvi, 218 p.; _c24 cm. |
||
| 500 | _aDonated by:Alaa Abdel Ghany | ||
| 504 | _aIncludes bibliographical references and index | ||
| 610 | 2 | 0 |
_aHizb al-Baath al-Arabi al-Ishtiraki (Syria) _910037 |
| 942 |
_2ddc _cBB |
||
| 999 |
_c13061 _d13061 |
||